| 000 | 00458nam a2200181Ia 4500 | ||
|---|---|---|---|
| 008 | 180207s9999 xx 000 0 und d | ||
| 020 | _a9781846860256 | ||
| 050 | _bB631 2005 | ||
| 100 | _aBlackstone, Stella | ||
| 245 | _aI dreamt I was a dinosaur / | ||
| 245 | _cStella Blackstone & Clare Beaton. | ||
| 260 | _aOxford : | ||
| 260 | _bBarefoot Books, | ||
| 260 | _c2005 | ||
| 300 | _aunpaged : | ||
| 300 | _bcolor illustration ; | ||
| 300 | _c24cm. | ||
| 999 |
_c355445 _d355445 |
||